[Event "Desafio"]
[Site "http://www.queenalice.com/game.php?id=460972"]
[Date "2008.9.10"]
[Round "-"]
[White "RonaldoSantos"]
[Black "romareicho"]
[Result "1-0"]
[WhiteElo "1895"]
[BlackElo "1168"]

1. e4 c5 2. Nf3 Nc6 3. Nc3 d6 4. d4 cxd4 5. Nxd4 Nf6 6. Be3 g6 7. f3 Bg7 8. Qd2
e5 9. Ndb5 O-O 10. Nxd6 b6 11. O-O-O Be6 12. g4 Nb4 13. a3 Nc6 14. h4 Nd4 15.
Bxd4 exd4 16. Qxd4 Nd7 17. Qd2 Nc5 18. Bc4 f6 19. Bxe6+ Nxe6 20. h5 Ng5 21. hxg6
hxg6 22. f4 Ne6 23. Qh2 g5 24. Qh7# 1-0

[Event "AUTO-OPEN-1259"]
[Site "http://www.queenalice.com/game.php?id=461135"]
[Date "2008.9.10"]
[Round "1"]
[White "RonaldoSantos"]
[Black "romareicho"]
[Result "1-0"]
[WhiteElo "1860"]
[BlackElo "1100"]

1. d4 e6 2. Nf3 Nf6 3. c4 g6 4. Nc3 Bg7 5. Bg5 O-O 6. e4 c6 7. e5 Qb6 8. exf6
Bh8 9. Qc2 d5 10. c5 Qa5 11. Ne5 Nd7 12. Ng4 e5 13. Nh6# 1-0

[Event "AUTO-OPEN-1259"]
[Site "http://www.queenalice.com/game.php?id=461136"]
[Date "2008.9.10"]
[Round "1"]
[White "romareicho"]
[Black "RonaldoSantos"]
[Result "0-1"]
[WhiteElo "1168"]
[BlackElo "1922"]

1. e4 c5 2. Nf3 d6 3. Nc3 Nc6 4. Bb5 Bd7 5. O-O g6 6. b3 Bg7 7. Bb2 Nf6 8. d4
cxd4 9. Bxc6 Bxc6 10. Nxd4 O-O 11. f3 Qb6 12. Kh1 Rac8 13. Qd3 a6 14. Nxc6 Qxc6
15. Rae1 Nxe4 16. Rxe4 Bxc3 17. Bxc3 Qxc3 18. Rxe7 Qxc2 19. Qxc2 Rxc2 20. Rxb7
Rxa2 21. g3 Re8 22. Rb6 Ree2 23. Rd1 Rxh2+ 24. Kg1 Rag2+ 25. Kf1 Ra2 26. Kg1
Rhg2+ 27. Kf1 Rxg3 28. Rdxd6 Rxf3+ 29. Ke1 Rh3 30. Rf6 Rh1+ 0-1

[Event "AUTO-OPEN-1259"]
[Site "http://www.queenalice.com/game.php?id=461171"]
[Date "2008.9.10"]
[Round "1"]
[White "romareicho"]
[Black "dante72"]
[Result "0-1"]
[WhiteElo "1073"]
[BlackElo "1768"]

1. c4 f5 2. d4 e6 3. e4 fxe4 4. Nd2 d5 5. Qb3 Nc6 6. c5 Nxd4 7. Qa4+ c6 8. Qxd4
Qf6 9. Qxf6 Nxf6 10. f3 exf3 11. Ngxf3 Bxc5 12. Nb3 Bb6 13. Bg5 Ne4 14. Bd3 Nf2
15. Bc2 Nxh1 16. Ne5 Nf2 0-1

[Event "AUTO-OPEN-1259"]
[Site "http://www.queenalice.com/game.php?id=461172"]
[Date "2008.9.10"]
[Round "1"]
[White "dante72"]
[Black "romareicho"]
[Result "1-0"]
[WhiteElo "1935"]
[BlackElo "1168"]

1. d4 d5 2. e3 c5 3. dxc5 Nc6 4. Bb5 e5 5. Nf3 e4 6. Nd4 Bd7 7. O-O Bxc5 8. Bxc6
bxc6 9. c3 Qg5 10. Kh1 Bd6 11. f4 Nf6 12. fxg5 1-0

[Event "Challenge"]
[Site "http://www.queenalice.com/game.php?id=465727"]
[Date "2008.9.20"]
[Round "-"]
[White "mp3"]
[Black "romareicho"]
[Result "1-0"]
[WhiteElo "1617"]
[BlackElo "1168"]

1. e4 e5 2. Nf3 Nf6 3. Bd3 Nc6 4. O-O d6 5. c4 Bg4 6. b4 a6 7. Be2 Nxb4 8. Nc3
Be7 9. h3 Bxf3 10. Bxf3 c6 11. a3 Nd3 12. Qc2 Nxc1 13. Qxc1 O-O 14. d3 d5 15.
Qb1 Rb8 16. Qb2 dxc4 17. dxc4 b5 18. Rad1 1-0

[Event "AUTO-OPEN-1272"]
[Site "http://www.queenalice.com/game.php?id=466572"]
[Date "2008.9.22"]
[Round "1"]
[White "romareicho"]
[Black "RonaldoSantos"]
[Result "0-1"]
[WhiteElo "1168"]
[BlackElo "1957"]

1. e4 c5 2. Nf3 Nc6 3. Bc4 d6 4. d3 e6 5. Nc3 Nf6 6. O-O Be7 7. d4 cxd4 8. Nxd4
O-O 9. Nxc6 bxc6 10. f3 Qb6+ 11. Kh1 d5 12. Bd3 Ba6 13. Bxa6 Qxa6 14. e5 Nd7 15.
f4 d4 16. Ne4 Rab8 17. b3 c5 18. Bb2 Nb6 19. Qg4 Nc4 20. Bc1 Nxe5 21. Bb2 Nxg4
0-1

[Event "AUTO-OPEN-1272"]
[Site "http://www.queenalice.com/game.php?id=466597"]
[Date "2008.9.22"]
[Round "1"]
[White "romareicho"]
[Black "filatelista"]
[Result "0-1"]
[WhiteElo "1168"]
[BlackElo "2101"]

1. d4 d5 2. Nc3 e6 3. Nf3 Nf6 4. Bg5 Nbd7 5. e3 Be7 6. Bd3 h6 7. O-O hxg5 8.
Nxg5 a6 9. f4 Nb6 10. a4 Bd7 11. e4 dxe4 12. Bxe4 Nxe4 13. Ncxe4 Bxg5 14. fxg5
Qe7 15. Qf3 Bc6 16. a5 Nd5 17. c4 Nb4 0-1

[Event "AUTO-OPEN-1272"]
[Site "http://www.queenalice.com/game.php?id=466598"]
[Date "2008.9.22"]
[Round "1"]
[White "filatelista"]
[Black "romareicho"]
[Result "1-0"]
[WhiteElo "2102"]
[BlackElo "1168"]

1. d4 d6 2. c4 Nf6 3. Nc3 g6 4. Nf3 Bg7 5. e4 Bg4 6. Be2 Nbd7 7. h3 Bxf3 8. Bxf3
O-O 9. O-O e5 10. d5 c6 11. Ne2 c5 12. Bg5 b6 13. Ng3 Rb8 14. Rb1 a6 15. b3 b5
16. cxb5 axb5 17. Bg4 Qa5 18. Bxd7 1-0

[Event "AUTO-BEG-251"]
[Site "http://www.queenalice.com/game.php?id=467544"]
[Date "2008.9.24"]
[Round "1"]
[White "robertot"]
[Black "romareicho"]
[Result "1-0"]
[WhiteElo "1451"]
[BlackElo "1109"]

1. e4 e5 2. Nf3 Nf6 3. Bc4 Nxe4 4. Nxe5 Qf6 5. Nf3 Bd6 6. d3 Nxf2 7. Kxf2 O-O 8.
Nc3 Nc6 9. Re1 Bb4 10. Bd2 d6 11. a3 Bc5+ 12. Be3 Bxe3+ 13. Rxe3 Bg4 14. h3 Nd4
15. Ne4 Qf4 16. hxg4 1-0

[Event "AUTO-BEG-251"]
[Site "http://www.queenalice.com/game.php?id=467545"]
[Date "2008.9.24"]
[Round "1"]
[White "romareicho"]
[Black "robertot"]
[Result "0-1"]
[WhiteElo "1113"]
[BlackElo "1448"]

1. e4 e5 2. Nf3 Nf6 3. Nxe5 d6 4. Nf3 Nxe4 5. Bc4 d5 6. Bb3 Be6 7. O-O Bc5 8. d4
Bb6 9. c3 O-O 10. Nbd2 Nc6 11. Nxe4 dxe4 12. Ng5 Qd7 13. Qc2 Bxb3 14. Qxb3 h6
15. Nxe4 Rae8 16. f3 a6 0-1

[Event "AUTO-BEG-251"]
[Site "http://www.queenalice.com/game.php?id=467560"]
[Date "2008.9.24"]
[Round "1"]
[White "romareicho"]
[Black "timmytime"]
[Result "0-1"]
[WhiteElo "1105"]
[BlackElo "1207"]

1. c4 c6 2. Nc3 e5 3. e4 b5 4. Nf3 Bc5 5. Nxe5 bxc4 6. Qf3 f6 7. Qh5+ g6 8. Nxg6
hxg6 9. Qxh8 Bb4 10. Qxg8+ Ke7 11. Qg7+ Ke8 12. Qxg6+ Ke7 13. Bxc4 Bxc3 14. dxc3
d5 15. Bb3 a5 16. O-O Ba6 0-1

[Event "AUTO-BEG-251"]
[Site "http://www.queenalice.com/game.php?id=467561"]
[Date "2008.9.24"]
[Round "1"]
[White "timmytime"]
[Black "romareicho"]
[Result "1-0"]
[WhiteElo "1219"]
[BlackElo "1088"]

1. e4 e5 2. c3 Nc6 3. d4 Nf6 4. dxe5 Nxe5 5. Bf4 Ng6 6. g3 Nxf4 7. gxf4 Nxe4 8.
f3 Qh4+ 9. Ke2 Nf2 10. Qe1 Bc5 11. b4 O-O 12. Qxf2 Re8+ 13. Qe3 Bxe3 14. Na3
Bxf4+ 15. Kd1 Re1+ 16. Kc2 1-0